| 000 | 00632nam a2200193 a 4500 | ||
|---|---|---|---|
| 001 | 000275321 | ||
| 003 | AM-YeHGA | ||
| 005 | 20250617125552.0 | ||
| 008 | 031023s1903 ru r 000 0 arm d | ||
| 040 | _aAM-YeHGA | ||
| 041 | 0 | _aarm | |
| 100 | 1 | _aԽօտեմսկի, Բ. | |
| 245 | 1 | 0 |
_aՐեբեկա / _cԶրոյց Բ. Խօտեմսկու. |
| 260 |
_aՍ.-Պետերբուրգ : _bտպ. Պուշկինեան, _c1903. |
||
| 300 |
_a13 էջ ; _c17 սմ. |
||
| 500 | _aԱրտատպուած «Մշակ» ից ; Վերնագրից առաջ` Ա-ԴՕ | ||
| 650 | 1 | 4 |
_aՀայ գրականություն _xՊատմվածք |
| 090 | _c101519 | ||
| 999 |
_c100203 _d100203 |
||